Mixed Word: Common Bond XIII Quiz Stats

 Plays Quiz Updated Oct 18, 2016

Challenge
Share
Tweet
Embed
Score 0/12 Timer 03:00
2 Plays Today
SCRAMBLE Answer % Correct
ULBLBull
97.8%
WNADDawn
96%
SRCOSCross
91.7%
SNWIGWings
91.2%
FWDARDwarf
82.1%
BINORRobin
77.1%
ACRESScare
76.1%
NORGADDragon
69.3%
RAONBBaron
68.2%
Word in common with all the above:Red
50.4%
OETLKSNSkelton
33%
SBTORLELobster
15.6%

You're not logged in!

Compare scores with friends on all Sporcle quizzes.
OR
Log In

You Might Also Like...

Show Comments

Extras

Top Quizzes Today


Score Distribution

Your Account Isn't Verified!

In order to create a playlist on Sporcle, you need to verify the email address you used during registration. Go to your Sporcle Settings to finish the process.

Report this User

Report this user for behavior that violates our Community Guidelines.

Details: